Money, banking and financial markets
| Main Author: | |
|---|---|
| Format: | Book |
| Published: |
New York :
Macmillan ,
1985
|
| Edition: | 2nd ed. |
| Subjects: |
MARC
| LEADER | 00000cam a2200000 7i4500 | ||
|---|---|---|---|
| 001 | 0000004079 | ||
| 005 | 20050622.0 | ||
| 020 | |a 0023048204 | ||
| 040 | |a INS | ||
| 090 | 0 | 0 | |a HG221. |b A914 1985 |
| 100 | 1 | |a Auerbach, Robert D. | |
| 245 | 1 | 0 | |a Money, banking and financial markets |c Robert D. Auerbach |
| 250 | |a 2nd ed. | ||
| 260 | |a New York : |b Macmillan , |c 1985 | ||
| 300 | |a 650p ; |c 24 cm. | ||
| 500 | |a Includes bibliographical references and indexs | ||
| 650 | 0 | 0 | |a Banks and banking |
| 650 | 0 | 0 | |a Finance |
| 650 | 0 | 0 | |a Money |
| 999 | |a 0000003722 |b BOOK |c Open Shelf |e Default branch | ||